000 00708nam a2200289Ia 4500
005 20260324144815.0
008 008 260324s9999 xx 000 0 eng d
020 _a9780203733998
037 _aEBOOK
040 _aCRL
040 _beng
040 _cCRL
041 _2eng
041 _aeng
084 _qCRL
100 _aJ.J Stamnes
_91220685
245 0 _aWaves in Focal Regions
245 0 _bPropagation, Diffraction and Focusing of Light, Sound and Water Waves
260 _bTaylor and Francis
260 _c1986
365 _a
365 _b960
856 _uhttp://www.taylorfrancis.com/books/9780203733998
942 _cEBOOK
999 _c1827756
_d1827756